MARC details
| 000 -LEADER |
| fixed length control field |
01051nam a22002897a 4500 |
| 003 - CONTROL NUMBER IDENTIFIER |
| control field |
OSt |
| 005 - DATE AND TIME OF LATEST TRANSACTION |
| control field |
20250915005812.0 |
| 008 - FIXED-LENGTH DATA ELEMENTS--GENERAL INFORMATION |
| fixed length control field |
250915t2012 |||||||| |||| 00| | eng d |
| 020 ## - INTERNATIONAL STANDARD BOOK NUMBER |
| International Standard Book Number |
978-049-589-887-0 |
| 040 ## - CATALOGING SOURCE |
| Transcribing agency |
JMCFI - Learning Resource Center |
| 082 ## - DEWEY DECIMAL CLASSIFICATION NUMBER |
| Classification number |
F.P./G.Ed. 302.23 B225 2012 |
| 100 ## - MAIN ENTRY--PERSONAL NAME |
| Personal name |
Baran, Stanley J |
| 9 (RLIN) |
42399 |
| 245 ## - TITLE STATEMENT |
| Title |
Mass communication theory : |
| Remainder of title |
foundations, ferment, and future / |
| Statement of responsibility, etc. |
Stanley J. Baran and Dennis K. Davis. |
| 250 ## - EDITION STATEMENT |
| Edition statement |
Sixth edition. |
| 260 ## - PUBLICATION, DISTRIBUTION, ETC. |
| Place of publication, distribution, etc. |
Australia : |
| Name of publisher, distributor, etc. |
Wadsworth Cengage Learning, |
| Date of publication, distribution, etc. |
2012. |
| 300 ## - PHYSICAL DESCRIPTION |
| Extent |
xxiv, 392 pages ; |
| Dimensions |
23 cm |
| 500 ## - GENERAL NOTE |
| General note |
Includes indexes and biographical records. |
| 504 ## - BIBLIOGRAPHY, ETC. NOTE |
| Bibliography, etc. note |
Includes bibliographical references. |
| 650 ## - SUBJECT ADDED ENTRY--TOPICAL TERM |
| Topical term or geographic name entry element |
Mass media |
| General subdivision |
Philosophy. |
| 9 (RLIN) |
42400 |
| 650 ## - SUBJECT ADDED ENTRY--TOPICAL TERM |
| Topical term or geographic name entry element |
Mass communication |
| General subdivision |
Theoretical modes. |
| 9 (RLIN) |
42401 |
| 650 ## - SUBJECT ADDED ENTRY--TOPICAL TERM |
| Topical term or geographic name entry element |
Communication theory. |
| 9 (RLIN) |
42402 |
| 650 ## - SUBJECT ADDED ENTRY--TOPICAL TERM |
| Topical term or geographic name entry element |
Mass media |
| General subdivision |
Social aspects. |
| 9 (RLIN) |
42403 |
| 650 ## - SUBJECT ADDED ENTRY--TOPICAL TERM |
| Topical term or geographic name entry element |
Mass media. |
| 9 (RLIN) |
22645 |
| 650 ## - SUBJECT ADDED ENTRY--TOPICAL TERM |
| Topical term or geographic name entry element |
Mass communication. |
| 9 (RLIN) |
42404 |
| 700 ## - ADDED ENTRY--PERSONAL NAME |
| Personal name |
Davis, Dennis K |
| 9 (RLIN) |
42405 |
| 942 ## - ADDED ENTRY ELEMENTS (KOHA) |
| Source of classification or shelving scheme |
Dewey Decimal Classification |
| Koha item type |
Books |
| Edition |
Sixth edition |
| Suppress in OPAC |
No |